| 000 | 02094nam a2200505Ii 4500 | ||
|---|---|---|---|
| 001 | DIGANT0129 | ||
| 003 | NyNyDIG | ||
| 006 | m o d | ||
| 007 | cr ||||||||||| | ||
| 008 | 120901s2008 sp ob 001 0 spa d | ||
| 020 | _z9788476588833 | ||
| 020 | _z8476588836 | ||
| 035 | _a(OCoLC)759779070 | ||
| 040 |
_aDGITA _beng _epn _cDGITA |
||
| 041 | 1 |
_aspa _hger |
|
| 043 |
_as------ _acl----- |
||
| 050 | 1 | 4 | _aF2224 eBook |
| 100 | 1 |
_aGrassi, Ernesto _d1902-1991. |
|
| 240 | 1 | 0 |
_aReisen ohne anzukommen. _lSpanish |
| 245 | 1 | 0 |
_aViajar sin llegar : _bun encuentro filosófico con Iberoamérica / _cErnesto Grassi ; presentación de Emilio Hidalgo-Serna y José M. Sevilla ; introducción y traducción de Joaquín Barceló. |
| 250 | _a1. ed. en Antropos Editorial. | ||
| 264 | 1 |
_aRubí, Barcelona : _bAnthropos, Editorial ; _aMexico : _bDivisión de Ciencias Sociales y Humanidades, Universidad Autonoma Metropolitana-Iztapalapa, _cc2008. |
|
| 300 | _a1 online resource (xxiv, 150 pages) | ||
| 336 |
_atext _btxt _2rdacontent |
||
| 337 |
_acomputer _bc _2rdamedia |
||
| 338 |
_aonline resource _bcr _2rdacarrier |
||
| 490 | 1 |
_aAutores, textos y temas. Humanismo ; _v11 |
|
| 500 | _aTranslation of: Reisen ohne anzukommen : eine Konfrontation mit Südamerika. Diessenhofen : Rüegger, 1982. | ||
| 500 | _a"Con la colaboración de la Fundación Studia Humanitatis." | ||
| 504 | _aIncludes bibliographical references and indexes. | ||
| 651 | 0 |
_aSouth America _xDescription and travel. |
|
| 651 | 0 |
_aLatin America _xDescription and travel. |
|
| 600 | 1 | 0 | _aGrassi, Ernesto. |
| 650 | 0 |
_aHumanism _xPhilosophy. |
|
| 655 | 0 | _aElectronic books. | |
| 700 | 1 | _aHidalgo-Serna, Emilio. | |
| 700 | 1 | _aSevilla Fernández, José Manuel. | |
| 700 | 1 | _aBarceló, Joaquín. | |
| 791 | 2 |
_aDigitalia (Firm), _edistributor. |
|
| 830 | 0 |
_aAutores, textos y temas. _pHumanismo ; _v11. |
|
| 793 | 0 |
_gDigitalia eBook Collection: _aAnthropos |
|
| 856 | 4 | 0 |
_3Digitalia Hispánica _uhttps://www.digitaliapublishing.com/a/15709/ |
| 910 | _aPremium Collection: 2007-2012 | ||
| 942 | _cRAA | ||
| 999 |
_c234384 _d234384 |
||